[Event "6th Shamkir Chess 2019"]
[Site "Shamkir"]
[Date "2019.03.31"]
[Round "1.1"]
[White "Anand, Viswanathan"]
[Black "Navara, David"]
[Result "1/2-1/2"]
[WhiteElo "2779"]
[BlackElo "2739"]
[Annotator "TA"]
[PlyCount "82"]
[EventDate "2019.03.31"]
[EventType "tourn"]
[EventCountry "AZE"]
[SourceTitle "playchess.com"]
[Source "ChessBase"]
[SourceQuality "1"]

{[%evp 14,82,37,21,31,22,45,54,56,29,35,59,42,48,81,85,118,116,116,125,124,115,129,119,116,111,119,112,149,103,108,72,73,91,85,31,50,34,75,77,98,92,72,73,110,111,144,66,120,8,258,249,254,68,58,60,52,50,50,49,50,50,226,223,249,218,229,196,238,0,0]} 1. e4 c5 2. Nf3 d6 3. d4 cxd4 4. Nxd4 Nf6 5. Nc3 a6 6. Bd3 g6 7. f3 Bg7 8. Be3 Nc6 {B72: Sicilian Dragon: 6 Be3, lines with h3+Bc4 and sidelines} 9. Qd2 Nxd4 (9... O-O 10. O-O-O Ne5 11. Be2 b5 12. Bh6 Qa5 13. Kb1 b4 14. Nd5 Nxd5 15. exd5 Bxh6 16. Qxh6 {½-½ (45) Paravyan,D (2630)-Sjugirov,S (2677) St Petersburg 2018}) 10. Bxd4 Be6 {White is slightly better.} 11. g4 b5 12. h4 Qa5 13. a3 h6 14. O-O-O $146 ({Predecessor:} 14. b4 Qc7 15. Ne2 Rc8 16. a4 Bc4 17. axb5 axb5 {0-1 (40) Dorst,K-Schassan,H Dresden 2006}) 14... Rb8 15. g5 $1 {[%cal Rg5f6]} Nh5 16. Bxg7 Nxg7 17. gxh6 Nh5 18. Qg5 f6 19. Qxg6+ Bf7 20. Qg1 $1 b4 21. axb4 Qxb4 22. Kd2 Nf4 23. Qe3 Nxd3 24. Qxd3 ({White should try} 24. Kxd3 $16 {Ra1 is the strong threat.} Rc8 25. Rb1) 24... Rxh6 $14 25. Qxa6 Kf8 26. Ra1 d5 {Hoping for ...Rg6.} 27. Ra4 Qc5 28. exd5 Rxb2 29. Qa7 Qd6 30. Qe3 (30. Kc1 $1 $16 {[%cal Rc1b2]} Rb4 31. Qe3) 30... Rg6 ({Black should play} 30... Rh5 $14) 31. Ra8+ (31. Kc1 $1 $16 {[%cal Rc1b2]} Rb8 32. Ra7) 31... Kg7 $2 (31... Rb8 $11 {and Black has nothing to worry.} 32. Rxb8+ Qxb8) 32. Kc1 $18 Qb4 {[#]} 33. Ra4 $2 ({And not} 33. h5 Rg2 $17) (33. Rh2 $1 $18 Qb6 34. Qxb6 (34. Qxe7 {leads to mate.} Rg1+ 35. Nd1 Rb1+ 36. Kd2 Rbxd1+ 37. Kc3 Qd4+ {[%mdl 64] Double Attack} 38. Kb3 Rb1+ 39. Ka3 Qa1#) 34... Rxb6 35. Ra7) 33... Rb1+ $1 $14 34. Nxb1 Qxa4 35. Qxe7 {And now h5 would win.} Rg2 {[%csl Gg2][%cal Ra4c2]} 36. Qe4 Qa7 {next ...Bg6 is good for Black.} 37. Re1 Rg1 $2 {[#]} (37... Qc5 $14) 38. Nc3 $1 $18 Qa1+ 39. Kd2 Rg2+ 40. Re2 Rg1 {White must now prevent ...Qc1+.} 41. Qe7 $2 (41. Qc4 $18) 41... Rd1+ $1 {Accuracy: White = 58%, Black = 43%.} 1/2-1/2

[Event "6th Shamkir Chess 2019"]
[Site "Shamkir"]
[Date "2019.03.31"]
[Round "1.2"]
[White "Giri, Anish"]
[Black "Topalov, Veselin"]
[Result "1/2-1/2"]
[WhiteElo "2797"]
[BlackElo "2740"]
[Annotator "TA"]
[PlyCount "99"]
[EventDate "2019.03.31"]
[EventType "tourn"]
[EventCountry "AZE"]
[SourceTitle "playchess.com"]
[Source "ChessBase"]
[SourceQuality "1"]

{[%evp 9,99,21,22,13,20,10,16,12,19,0,0,4,16,3,3,0,0,0,0,0,0,5,20,28,27,17,30,16,15,6,12,13,18,6,4,0,0,0,0,0,30,0,46,47,49,48,60,40,52,39,57,56,72,53,43,27,34,35,71,18,38,22,36,6,0,0,0,0,26,0,0,-39,-26,-33,-7,-4,0,0,0,0,0,-36,-54,-43,0,-36,0,0,0,0,0,0]} 1. e4 e5 2. Nf3 Nc6 3. Bb5 Nf6 4. d3 Bc5 5. Bxc6 dxc6 6. O-O {C65: Ruy Lopez: Berlin Defence (3...Nf6), unusual lines and 4 0-0 Bc5} (6. Nbd2 Be6 7. O-O Bd6 8. b3 O-O 9. Nc4 Nd7 10. a4 Bxc4 11. bxc4 a5 12. Bg5 Be7 13. Be3 b6 {½-½ (52) Caruana,F (2828)-Nakamura,H (2749) chess.com INT 2019}) 6... Qe7 7. Nbd2 {[%cal Bb1d2,Bd2c4,Bc4e3,Be3f5][%mdl 32]} Bg4 8. h3 Bh5 9. a3 Nd7 10. b4 Bd6 11. Nc4 f6 $146 ({Predecessor:} 11... O-O 12. Bd2 Rfe8 13. Ne3 Nf8 {½-½ (25) Tieken,F (2128)-Packroff,H (2200) ICCF email 2015}) 12. Ne3 Nf8 13. Nf5 Qd7 14. Be3 Ne6 15. c3 O-O-O 16. Ng3 ({Of course not} 16. Bxa7 Bxf3 17. Qxf3 b6 $17) 16... Bxf3 17. Qxf3 Kb8 18. Rfd1 g6 19. d4 exd4 20. cxd4 Rhf8 21. Bh6 Rf7 22. d5 cxd5 23. Rxd5 Qe8 24. Rad1 Rc8 25. Qg4 Bf8 26. Bxf8 Nxf8 27. Ne2 h5 28. Qf3 Nd7 29. Nc3 Ne5 30. Qe2 Re7 31. f4 Nf7 32. R5d4 Nd6 33. Qd3 Re6 34. b5 ({White should try} 34. h4 $16) 34... b6 35. a4 g5 36. f5 Re5 $1 37. Rf1 Rd8 38. Rd1 Rc8 39. Ra1 g4 40. hxg4 hxg4 41. Rd1 Kb7 (41... g3 $5 42. Rf1 {[#]} (42. Qxg3 Nxe4 43. Nxe4 Rxe4 $15) 42... Nxf5 $1 {[%mdl 512]} 43. exf5 Re3 $15) 42. Rd5 Rxd5 43. Qxd5+ Kb8 44. Qd4 Qh5 {aiming for ...g3.} 45. Nd5 g3 46. Nxf6 Qh2+ 47. Kf1 Qh1+ {[%mdl 1024] Black has compensation.} 48. Qg1 {The position is equal.} Qh4 {[%mdl 64] [#] Double Attack} 49. Qd4 {Strongly threatening Ke2.} Qh1+ 50. Qg1 {Accuracy: White = 57%, Black = 64%.} 1/2-1/2

[Event "6th Shamkir Chess 2019"]
[Site "Shamkir"]
[Date "2019.03.31"]
[Round "1.3"]
[White "Radjabov, Teimour"]
[Black "Carlsen, Magnus"]
[Result "1/2-1/2"]
[WhiteElo "2756"]
[BlackElo "2845"]
[Annotator "TA"]
[PlyCount "81"]
[EventDate "2019.03.31"]
[EventType "tourn"]
[EventCountry "AZE"]
[SourceTitle "playchess.com"]
[Source "ChessBase"]
[SourceQuality "1"]

{[%evp 12,81,33,27,35,24,33,3,8,10,42,4,10,19,16,16,25,0,0,0,26,9,20,5,25,25,48,39,41,33,50,50,50,38,31,33,43,37,35,45,70,65,64,63,66,60,68,66,58,9,12,0,0,0,0,0,0,0,8,6,8,8,22,0,0,0,0,0,0,0,0,0]} 1. e4 e5 2. Nf3 Nc6 3. Bc4 Nf6 4. d3 Be7 5. O-O O-O 6. h3 d6 7. a4 a5 {C55: Two Knights: 4 d3, 4 d4 exd4 5 e5 and Max Lange Attack} (7... Be6 8. Re1 Qd7 9. Nc3 h6 10. Be3 a6 11. Bxe6 fxe6 12. d4 exd4 13. Nxd4 Nxd4 14. Qxd4 Nh5 15. e5 {0-1 (71) Miton,K (2584)-Wang,H (2709) Riadh 2017}) 8. Nbd2 $146 ({Predecessor:} 8. Nc3 Be6 9. Re1 Qc8 10. Bxe6 fxe6 11. d4 exd4 12. Nxd4 Nxd4 13. Qxd4 Nd7 14. f4 d5 15. Kh1 Bc5 16. Qd3 {½-½ (16) Shanava,K (2535)-Panchanathan,M (2556) Pardubice 2011}) 8... Nd7 9. Re1 Nb6 10. Bb3 Kh8 11. c3 f5 12. exf5 Bxf5 13. Nf1 Bg6 14. Ng3 Bf6 15. Ne4 d5 16. Nxf6 Qxf6 17. Bg5 Qf5 18. Qd2 Rae8 19. Be3 {Bxb6 is the strong threat.} Bh5 20. Bd1 {Strongly threatening g4.} Qd7 21. Bxb6 cxb6 22. Qg5 Qf7 23. Qh4 {[#] Hoping for Ng5.} Bg6 24. Bb3 Qd7 25. Qg3 {[%cal Rf3e5]} d4 26. Nxe5 Nxe5 27. Rxe5 dxc3 28. Rxe8 Rxe8 29. bxc3 Qxd3 30. Qxd3 (30. Qc7 {is interesting.} h6 31. Rf1 Qd8 32. Qxb7 Qd6 33. Qf3) 30... Bxd3 $14 {[%mdl 4096] Endgame KRB-KRB. The position is equal.} 31. Rd1 Be4 $1 32. Rd6 Bc6 33. Bd5 Bxd5 34. Rxd5 $11 {KR-KR} Re1+ 35. Kh2 {[#] Threatening mate with Rd8+.} h6 36. Rd7 Rc1 37. Rxb7 Rxc3 38. Rxb6 {And now Rb5 would win.} Rc4 39. Ra6 Rxa4 40. f4 Rxf4 41. Rxa5 {Accuracy: White = 66%, Black = 60%.} 1/2-1/2

[Event "6th Shamkir Chess 2019"]
[Site "Shamkir"]
[Date "2019.03.31"]
[Round "1.4"]
[White "Karjakin, Sergey"]
[Black "Ding, Liren"]
[Result "1/2-1/2"]
[WhiteElo "2753"]
[BlackElo "2812"]
[Annotator "TA"]
[PlyCount "48"]
[EventDate "2019.03.31"]
[EventType "tourn"]
[EventCountry "AZE"]
[SourceTitle "playchess.com"]
[Source "ChessBase"]
[SourceQuality "1"]

{[%evp 12,48,20,17,27,25,31,25,27,33,36,25,21,33,44,67,47,0,0,0,7,10,3,15,12,2,21,11,42,0,0,1,16,0,7,0,14,0,24]} 1. e4 e5 2. Nf3 Nc6 3. Bc4 Nf6 4. d3 Bc5 5. c3 d6 6. O-O O-O 7. Re1 a5 {C54: Giuoco Piano: 4 c3 Nf6, main lines with 5 d4 and 5 d3} 8. Bg5 h6 9. Bh4 g5 {White has an edge.} 10. Bg3 Nh7 11. d4 Bb6 12. dxe5 h5 {[#] Strongly threatening ...h4.} 13. h4 {[%cal Re5d6]} ({But not} 13. exd6 h4 $11) 13... Bg4 14. Nbd2 Nxe5 {Threatens to win with ...Bxf3.} 15. Be2 Nxf3+ 16. Nxf3 {[#]} Re8 $146 ({Predecessor:} 16... Bxf3 17. Bxf3 gxh4 {0-1 (50) Van Foreest,J (2612)-Ding,L (2813) Wijk aan Zee 2019}) 17. Qd2 {[%cal Rh4g5]} Bxf3 $1 18. Bxf3 gxh4 19. Bf4 $36 {[%mdl 2048] White has the initiative.} Qf6 20. Bxh5 Qg7 $1 {The position is equal.} 21. Bh6 Qf6 $1 22. Bf4 Qg7 23. Bh6 Qf6 $1 24. Bf4 Qg7 $1 {Accuracy: White = 62%, Black = 90%.} 1/2-1/2

[Event "6th Shamkir Chess 2019"]
[Site "Shamkir"]
[Date "2019.03.31"]
[Round "1.5"]
[White "Grischuk, Alexander"]
[Black "Mamedyarov, Shakhriyar"]
[Result "1/2-1/2"]
[WhiteElo "2771"]
[BlackElo "2790"]
[Annotator "TA"]
[PlyCount "74"]
[EventDate "2019.03.31"]
[EventType "tourn"]
[EventCountry "AZE"]
[SourceTitle "playchess.com"]
[Source "ChessBase"]
[SourceQuality "1"]

{[%evp 18,74,14,21,11,18,25,23,24,20,9,3,15,6,21,2,8,7,8,0,0,0,0,0,0,0,0,0,0,0,0,-4,0,0,0,0,0,0,0,0,0,0,0,0,0,0,0,0,0,0,0,0,0,0,0,0,0,0,0]} 1. e4 e5 2. Nf3 Nc6 3. Bb5 Nf6 4. O-O Nxe4 5. Re1 Nd6 6. Nxe5 Be7 7. Bf1 Nxe5 8. Rxe5 O-O 9. d4 Bf6 10. Re1 Re8 {C67: Ruy Lopez: Berlin Defence: 4 0-0 Nxe4} 11. Bf4 (11. c3 Rxe1 12. Qxe1 Nf5 13. Bf4 d6 14. Nd2 Be6 15. Ne4 Be7 16. Qd2 c6 17. Bd3 Qd7 18. Ng5 Bxg5 19. Bxg5 h6 20. Bf4 g5 21. Bxf5 Bxf5 22. Bg3 d5 23. Re1 {½-½ (23) Nepomniachtchi,I (2763)-Radjabov,T (2757) Wijk aan Zee 2019}) 11... Rxe1 12. Qxe1 Ne8 {White has an edge.} 13. c3 d5 {The position is equal.} 14. Bd3 c6 15. Nd2 g6 16. Qe2 Ng7 17. Re1 Bf5 18. Nf3 Bxd3 19. Qxd3 {[#]} Qa5 $146 20. a3 Re8 21. Rxe8+ Nxe8 22. Qe2 Qd8 23. g3 Qd7 24. Kg2 Kg7 25. Bb8 a6 26. Be5 Bxe5 27. Qxe5+ f6 28. Qe2 Kf7 29. Ne1 Nd6 30. Nd3 a5 31. a4 b6 32. f3 Qe6 33. Kf2 Qh3 34. Kg1 Qe6 35. Kf2 Qh3 36. Kg1 Qe6 37. Kf2 Qh3 {Accuracy: White = 71%, Black = 81%.} 1/2-1/2

[Event "6th Shamkir Chess 2019"]
[Site "Shamkir"]
[Date "2019.04.01"]
[Round "2.1"]
[White "Mamedyarov, Shakhriyar"]
[Black "Radjabov, Teimour"]
[Result "1/2-1/2"]
[WhiteElo "2790"]
[BlackElo "2756"]
[Annotator "TA"]
[PlyCount "81"]
[EventDate "2019.03.31"]
[EventType "tourn"]
[EventCountry "AZE"]
[SourceTitle "playchess.com"]
[Source "ChessBase"]
[SourceQuality "1"]

{[%evp 15,81,0,0,6,2,6,9,0,2,0,0,0,0,0,0,0,0,0,0,0,0,0,0,0,0,0,8,-7,0,-7,0,-7,0,0,6,6,10,8,8,8,18,18,20,21,34,34,34,34,34,34,34,0,0,0,50,50,50,50,50,50,50,0,50,0,50,0,50,0]} 1. d4 d5 2. Nf3 Nf6 3. c4 e6 4. g3 Bb4+ 5. Bd2 Be7 6. Bg2 O-O 7. O-O Nbd7 8. Qc2 c6 9. Rc1 {E11: Bogo-Indian} (9. Bf4 b6 10. Rd1 Ba6 11. cxd5 cxd5 12. Ne5 Nxe5 13. dxe5 Ng4 14. Bf3 f5 15. exf6 Nxf6 16. Qa4 Bb7 17. Nd2 Qe8 18. Qxe8 Rfxe8 {½-½ (29) Giri,A (2783)-Ding,L (2813) Wijk aan Zee 2019}) 9... b6 10. cxd5 cxd5 11. Qd1 {The position is equal.} Bb7 12. a3 a6 $146 ({Predecessor:} 12... Rc8 13. Rxc8 Qxc8 14. Bb4 Qd8 15. e3 Ne4 16. Nbd2 Nxd2 17. Qxd2 {½-½ (28) Lysyj,I (2618)-Sargissian,G (2677) Moscow 2018}) 13. Bf4 Rc8 14. Nbd2 Rxc1 15. Rxc1 Qa8 16. Ne5 Nxe5 17. Bxe5 Rc8 18. Bxf6 Rxc1 19. Qxc1 Bxf6 20. e3 Qc8 21. Qxc8+ Bxc8 $11 {[%mdl 4096] Endgame KBB-KBN} 22. Bf1 e5 23. Nf3 exd4 24. Nxd4 Bxd4 25. exd4 {KB-KB} Kf8 26. Kg2 Ke7 27. Kf3 Kd6 28. Bd3 h6 29. g4 g5 30. Kg3 f6 31. f4 a5 32. f5 Bd7 33. b4 axb4 34. axb4 b5 35. h4 Be8 36. h5 Bd7 37. Kf3 Kc7 38. Kg3 Kd6 39. Kf3 Kc7 40. Kg3 Kd6 41. Kf3 {Accuracy: White = 64%, Black = 79%.} 1/2-1/2

[Event "6th Shamkir Chess 2019"]
[Site "Shamkir"]
[Date "2019.04.01"]
[Round "2.2"]
[White "Ding, Liren"]
[Black "Grischuk, Alexander"]
[Result "1-0"]
[WhiteElo "2812"]
[BlackElo "2771"]
[Annotator "TA"]
[PlyCount "153"]
[EventDate "2019.03.31"]
[EventType "tourn"]
[EventCountry "AZE"]
[SourceTitle "playchess.com"]
[Source "ChessBase"]
[SourceQuality "1"]

{[%evp 13,153,21,37,11,16,15,16,11,28,11,16,20,22,15,28,30,29,34,35,26,31,43,60,9,45,2,45,57,56,25,39,44,120,102,103,103,157,132,160,153,167,162,162,93,92,92,90,98,165,165,129,148,158,99,113,93,107,103,158,0,0,0,0,0,0,0,106,47,154,125,171,0,0,0,0,0,0,0,0,0,0,0,97,118,94,137,344,328,334,341,333,331,329,327,6170,692,692,643,6170,6170,5812,2589,6084,5990,5765,6114,3081,2378,6117,6087,6020,5990,2529,2349,734,442,252,296,295,295,5485,6087,5990,5081,2473,1492,1339,0,1055,789,29979,29980,29980,29981,29981,29982,29981,29982,29982,29983,29994,29995]} 1. d4 Nf6 2. c4 g6 3. f3 c5 4. d5 d6 5. e4 e6 6. Nc3 exd5 7. cxd5 Bg7 8. Nge2 {A65: Modern Benoni: 6 e4} Nbd7 (8... O-O 9. Ng3 a6 10. a4 Ne8 11. Be2 h5 12. Be3 h4 13. Nf1 f5 14. exf5 gxf5 15. Qd2 Nd7 16. Bg5 Bf6 17. Bxf6 Qxf6 18. f4 {0-1 (91) Ding,L (2778)-Grischuk,A (2747) Wenzhou 2016}) 9. Ng3 h5 10. Be2 {The position is equal.} Nh7 11. Nf1 $146 ({Predecessor:} 11. Bf4 Qe7 12. Qd2 h4 13. Nf1 g5 14. Be3 Ne5 15. g3 Bd7 16. gxh4 gxh4 {½-½ (42) Aronian,L (2794)-Grischuk,A (2767) Berlin 2018}) 11... Qh4+ 12. g3 Qe7 13. Ne3 O-O 14. a4 Ne5 15. O-O Bh3 16. Re1 Rae8 17. Bd2 a6 18. Ra3 ({Better is} 18. f4 $14) 18... Qc7 19. f4 Nd7 (19... Ng4 $5) 20. Bxh5 c4 21. Bf3 Nc5 $1 22. Qc2 Nb3 (22... Nd3 $1 $14) 23. Rxb3 $16 cxb3 24. Qxb3 Kh8 (24... Bd7 $142) 25. Ncd1 f5 26. Nf2 fxe4 27. Bxe4 Bf5 28. Rc1 (28. Qd3 $18) 28... Qd7 29. Bf3 {aiming for g4.} Nf6 30. Rc4 Qe7 (30... b5 $16 31. Rb4 Qa7) 31. Nxf5 gxf5 32. Kg2 Rc8 33. Rb4 (33. Rxc8 $142 Rxc8 34. Qd3) 33... Rc7 34. a5 Nd7 35. Bd1 Qf7 (35... Kg8 $142) 36. Rxb7 $2 (36. Nh3 $16) 36... Rxb7 $11 37. Qxb7 {Qc6 is the strong threat.} Rb8 38. Qc6 Rxb2 39. Bc2 Bd4 (39... Nf6 $11 40. Bc1 Ra2) 40. Nd3 (40. Bc3 $16 Bxc3 41. Qxc3+ {[%mdl 64] Double Attack} Qf6 42. Qc8+ {[%mdl 64] Double Attack} Qf8 43. Qc3+ (43. Qxd7 Rxc2 44. h4 Rc5 $11) 43... Qg7 44. Qd3) 40... Qe7 (40... Rxc2 $14 41. Qxc2 Qxd5+ 42. Kh3 Nf6) 41. Kf1 $1 $16 (41. Nxb2 Qe2+ 42. Kh3 Qf1+ 43. Kh4 Bf6+ 44. Kh5 Qh3+ 45. Kg6 Qh7#) (41. Qc8+ Kg7 $11) 41... Rb8 42. Ne1 $2 (42. Qc4 $1 $18 {[%cal Rc4d4]} Bg7 43. Nf2 (43. Qxa6 Qe4 $11)) 42... Nc5 $1 $11 {[%cal Rc5e4] White must now prevent ...Ne4.} 43. Nf3 Bf6 44. Bxf5 Rb3 45. Qc8+ Kg7 $1 46. Ng5 Bxg5 $1 ({Don't go for} 46... Rb2 $2 47. Bh7 $18) 47. fxg5 $40 {[%mdl 128] Hoping for g6. White mounts an attack.} Rf3+ {[#]} (47... Qe5 $11 48. Bf4 Qxd5 49. Qc7+ {[%mdl 64] Double Attack} Qf7 50. Qxf7+ Kxf7) 48. Kg2 $1 $16 {[%cal Rg2f3]} ({Much weaker is} 48. Kg1 $6 Qe5 $11) 48... Qe2+ {[%mdl 64] Double Attack} 49. Kh3 Rxf5 $2 (49... Qe5 $16 50. Qc7+ Kf8) 50. Qxf5 $18 Qxd2 51. Qf6+ {[%mdl 64] Double Attack} Kg8 52. Qg6+ ({Not} 52. Qxd6 Qd4 $14) 52... Kh8 53. Qxd6 Nd3 $2 (53... Qf2 54. Qf4 Nd3 55. Qxf2 Nxf2+ 56. Kh4 Ne4) 54. Qh6+ (54. Qf8+ $142 Kh7 55. Qf7+ Kh8 56. d6) 54... Kg8 {Threatens to win with ...Nf2+.} 55. Qe6+ Kg7 56. Qe7+ Kg8 {[#]} 57. d6 $1 {[%cal Rd6d7] White threatens d7 and mate.} Nf2+ 58. Kh4 {d7 would kill now.} Qd4+ 59. Kh5 {White wants to mate with d7.} Qd1+ {[#]} 60. g4 $1 {[%mdl 512]} Nxg4 (60... Qxg4+ 61. Kg6) 61. Qe8+ Kg7 62. Qd7+ Kh8 63. Qxg4 Qxd6 {[%mdl 4096] Endgame KQ-KQ} 64. Qc8+ Kg7 65. Qc3+ Kh7 66. Qc2+ Kg7 67. h4 Qe6 68. Qc7+ Kh8 69. Qd8+ Kh7 70. Qc7+ Kh8 $1 {intending ...Qf7+.} 71. Qb6 Qc4 72. Qd8+ {White mates.} Kg7 73. Qe7+ Kg8 74. Kh6 {[%csl Gh6][%cal Re7g7]} Qc6+ 75. g6 {[%csl Gh6][%cal Re7g7]} Qc1+ 76. Qg5 Qd1 77. Qf4 {Accuracy: White = 63%, Black = 52%.} 1-0

[Event "6th Shamkir Chess 2019"]
[Site "Shamkir"]
[Date "2019.04.01"]
[Round "2.3"]
[White "Carlsen, Magnus"]
[Black "Anand, Viswanathan"]
[Result "1-0"]
[WhiteElo "2845"]
[BlackElo "2779"]
[Annotator "TA"]
[PlyCount "85"]
[EventDate "2019.03.31"]
[EventType "tourn"]
[EventCountry "AZE"]
[SourceTitle "playchess.com"]
[Source "ChessBase"]
[SourceQuality "1"]

{[%evp 19,85,19,28,13,15,19,19,19,28,18,22,22,18,17,17,14,23,30,38,38,51,15,19,19,19,20,20,26,26,13,14,22,21,12,13,14,11,11,141,5,181,172,209,209,161,180,235,235,235,235,235,235,235,235,238,238,325,325,319,305,471,425,524,505,500,500,500,505]} 1. d4 Nf6 2. c4 e6 3. Nf3 d5 4. Nc3 Be7 5. Bf4 O-O 6. e3 c5 7. dxc5 Bxc5 8. Qc2 Nc6 9. a3 Qa5 10. Rd1 Rd8 {LiveBook: 16 Games. D37: Queen's Gambit Declined: 5 Bf4} 11. Be2 Ne4 12. cxd5 $146 ({Predecessor:} 12. O-O Nxc3 13. bxc3 h6 14. a4 Ne7 15. Ne5 Bd6 16. cxd5 Nxd5 17. Bf3 Nxf4 18. exf4 Bxe5 19. Rxd8+ Qxd8 20. fxe5 {½-½ (49) Carlsen,M (2835)-Caruana,F (2832) London 2018}) 12... Nxc3 {The position is equal.} 13. bxc3 exd5 14. O-O h6 15. a4 Bd6 16. Bxd6 Rxd6 17. c4 Be6 18. c5 Rdd8 19. Rb1 Qc7 20. Qb2 Rab8 21. Nd4 Nxd4 22. Qxd4 b6 23. cxb6 Rxb6 24. h3 Rc8 25. Rfd1 Qc3 26. Qxc3 Rxc3 27. a5 Rxb1 28. Rxb1 $11 {[%mdl 4096] Endgame KRB-KRB} Rc5 (28... Kf8 $11 {keeps the balance.}) 29. a6 ({Only move:} 29. Rb8+ $16 Kh7 30. a6) 29... g6 $2 (29... Bc8 $1 $11 {and Black stays safe.}) 30. Rb7 $18 Rc1+ 31. Kh2 $1 Rc2 {[#]} 32. Bb5 $1 Rb2 {[#]} (32... Rxf2 $142 33. Rxa7 Kg7) 33. Kg3 $1 Bc8 34. Rb8 ({Not} 34. Rxa7 Rxb5 35. Ra8 Rc5 $14) 34... Kg7 {Threatens to win with ...Bxa6!} 35. Rxc8 Rxb5 {KR-KR} 36. Rc7 Ra5 37. Rxa7 Kf6 38. Ra8 Ra3 39. Kh2 h5 (39... Ra2 $142 40. a7 Ra3) 40. a7 {White is clearly winning.} Ra2 41. h4 Kf5 {intending ...Kg4.} 42. f3 Ra1 43. g3 {Precision: White = 75%, Black = 45%.} 1-0

[Event "6th Shamkir Chess 2019"]
[Site "Shamkir"]
[Date "2019.04.01"]
[Round "2.4"]
[White "Giri, Anish"]
[Black "Karjakin, Sergey"]
[Result "0-1"]
[WhiteElo "2797"]
[BlackElo "2753"]
[Annotator "TA"]
[PlyCount "68"]
[EventDate "2019.03.31"]
[EventType "tourn"]
[EventCountry "AZE"]
[SourceTitle "playchess.com"]
[Source "ChessBase"]
[SourceQuality "1"]

{[%evp 13,68,11,15,13,33,6,14,-10,2,0,0,0,0,0,37,34,31,25,62,39,54,56,98,73,95,81,85,17,14,-27,-10,-11,0,-25,-20,-197,-194,-149,0,-23,-21,-18,11,-63,0,-468,-468,-455,-467,-445,-459,-453,-438,-458,-450,-486,-422]} 1. e4 e5 2. Nf3 Nc6 3. Bc4 Bc5 4. c3 Nf6 5. d3 d6 6. O-O a6 7. a4 h6 8. Re1 {C54: Giuoco Piano: 4 c3 Nf6, main lines with 5 d4 and 5 d3} O-O 9. h3 (9. Nbd2 a5 10. Nf1 Be6 11. Bb5 Na7 12. d4 Nxb5 13. axb5 Bb6 14. dxe5 Ng4 15. Be3 Nxe3 16. Nxe3 dxe5 17. Nxe5 {½-½ (46) Giri,A (2783)-Karjakin,S (2753) St Petersburg 2018}) 9... a5 10. d4 {The position is equal.} (10. Nbd2 Be6 11. b3 d5 12. exd5 Nxd5 13. Ne4 Bb6 14. Ra2 f5 15. Ng3 Qf6 16. Nxe5 Nxe5 {½-½ (40) Ding,L (2813)-Anand,V (2773) Wijk aan Zee 2019}) 10... Ba7 $146 ({Predecessor:} 10... exd4 11. cxd4 Bb4 12. Bd2 Bxd2 13. Qxd2 Nxe4 14. Rxe4 {1-0 (31) Faiyaz,M-Rushil,R Dhaka 2018}) 11. Bb3 Re8 12. Bc2 Bd7 13. Na3 Qc8 14. Nb5 Bb6 15. Bb1 exd4 16. cxd4 Nb4 17. Ra3 Re7 18. e5 dxe5 19. dxe5 Nfd5 20. Nh4 (20. Nc3 $16 c6 21. Nxd5 cxd5 22. Be3) 20... Qe8 $1 $11 21. Qe2 Nc6 $1 {[%cal Re7e5]} 22. Nf3 Rd8 23. Kh2 f5 24. g4 $2 (24. Rd3 $11 {and White is okay.} Ndb4 25. Rdd1) 24... fxg4 $19 25. Qd3 g6 ({Not} 25... gxf3 $2 26. Qh7+ Kf8 27. Qh8+ Kf7 28. Rxf3+ Bf5 29. Qh7 $18 (29. Rxf5+ Ke6 $16)) (25... g5 $17 26. Qxd5+ Be6) 26. Qxd5+ $11 Be6 27. Qe4 gxf3 28. Rg1 (28. Qh4 $1 $11) 28... Bf7 ({Black should play} 28... g5 $15 29. Qh4 {[#]} (29. Bxg5 Bxf2 30. Bxe7+ Bxg1+ 31. Kh1 Qxe7 $17) 29... Rd1 $1 {[%mdl 512]} 30. Qxh6 Rxg1 31. Kxg1 Nxe5) 29. Ba2 $2 {[%mdl 8192]} (29. Qh4 $1 $11) 29... Bxa2 $19 {Black is clearly winning.} 30. Rxg6+ {[#]} Qxg6 $1 {[%mdl 576] Remove Defender} 31. Qxg6+ Rg7 32. Qxg7+ Kxg7 33. Rxa2 Rd1 34. Ra1 {Black must now prevent Bxh6+!} Kf7 {Accuracy: White = 44%, Black = 49%.} 0-1